00315pab a2200121 454500008004000000100001600040245006900056260000900125300001100134362000800145650002200153773001800175180718b2010 xxu||||| |||| 00| 0 eng d aBhave, C.B. aEvaluation of the capital markets and their regulations in India c2010 ap.1-6. aMar aFinancial markets aArtha Vijnana